[Event "Young Masters"]
[Site "Lausanne SUI"]
[Date "2001.05.23"]
[EventDate "2001.05.20"]
[Round "2.5"]
[Result "1-0"]
[White "Etienne Bacrot"]
[Black "Levon Aronian"]
[WhiteElo "2627"]
[BlackElo "2528"]
[PlyCount "79"]

1. Nf3 Nf6 2. c4 d6 3. d4 Nbd7 4. Nc3 c6 5. e4 e5 6. Be2 Be7
7. O-O O-O 8. Qc2 a6 9. Rd1 Qc7 10. Bg5 h6 11. Bh4 Re8
12. Rac1 Nh5 13. Bxe7 Rxe7 14. Nxe5 Nxe5 15. dxe5 Rxe5 16. Qd2
Rg5 17. Bxh5 Rxh5 18. Qxd6 Qxd6 19. Rxd6 Be6 20. b3 b5
21. Rxc6 bxc4 22. bxc4 Ra5 23. f4 g6 24. Rc2 Rb8 25. Nd5 Rb1+
26. Kf2 Ra1 27. Nc3 Rh1 28. Ne2 Rxh2 29. Nd4 Bd7 30. Rc7 Ba4
31. Rd2 g5 32. Ne6 gxf4 33. Rd8+ Kh7 34. Rxf7+ Kg6 35. Rxf4
Re5 36. Rg8+ Kh5 37. Rf5+ Rxf5+ 38. exf5 Bd7 39. Kg3 Bxe6
40. fxe6 1-0

[Event "FIDE candidates Matches"]
[Site "Elista, Kalmykia Russia"]
[Date "2007.06.08"]
[EventDate "?"]
[Round "?"]
[Result "1/2-1/2"]
[White "Levon Aronian"]
[Black "Alexey Shirov"]
[WhiteElo "2759"]
[BlackElo "2699"]
[PlyCount "134"]

1. d4 d5 2. c4 dxc4 3. e4 e5 4. Nf3 exd4 5. Bxc4 Nc6 6. O-O
Be6 7. Bb5 Bc5 8. b4 Bb6 9. a4 a6 10. Bxc6+ bxc6 11. a5 Ba7
12. Bb2 Nf6 13. Nxd4 Bxd4 14. Bxd4 Nxe4 15. Bxg7 Rg8 16. Be5
Bh3 17. Bg3 Nxg3 18. hxg3 Qxd1 19. Rxd1 Be6 20. Nc3 Rg4
21. Rab1 Rb8 22. f4 Bf5 23. Rb2 Rxg3 24. Na4 Kf8 25. Nc5 Ra8
26. Kf2 Rc3 27. Rbd2 Rc4 28. Rd4 Rxd4 29. Rxd4 Ke7 30. Rd1 Be6
31. Re1 Kf6 32. Re5 h6 33. g3 Bc4 34. Nd7+ Kg7 35. Re7 Rd8
36. Ke3 h5 37. f5 Rg8 38. Re4 Bb5 39. Rh4 Rd8 40. Nc5 Kh6
41. Kf4 Be2 42. Rh2 Bb5 43. Ke5 Kg5 44. Ne4+ Kg4 45. Kf6 Kf3
46. Rh4 Bd3 47. Nc5 Kxg3 48. Rxh5 Bc4 49. Rh1 Rb8 50. Rd1 Rxb4
51. Rd4 Kf3 52. Nxa6 c5 53. Nxc5 Ke3 54. Rh4 Kd2 55. Na6 Ra4
56. Nxc7 Kd3 57. a6 Ra5 58. Rf4 Kc3 59. Ke7 Rc5 60. Kd6 Ra5
61. f6 Bxa6 62. Nxa6 Rxa6+ 63. Ke7 Ra7+ 64. Kf8 Kd3 65. Rh4
Ke3 66. Rh7 Kf4 67. Rxf7 Ra6 1/2-1/2

[Event "?"]
[Site "?"]
[Date "2007.06.10"]
[EventDate "?"]
[Round "?"]
[Result "1/2-1/2"]
[White "Alexey Shirov"]
[Black "Levon Aronian"]
[WhiteElo "2751"]
[BlackElo "2759"]
[PlyCount "167"]

1. e4 e5 2. Nf3 Nc6 3. Bb5 a6 4. Ba4 Nf6 5. O-O Be7 6. Re1 b5
7. Bb3 O-O 8. h3 Bb7 9. d3 d6 10. a3 Na5 11. Ba2 c5 12. Nbd2
Nc6 13. Nf1 Bc8 14. c3 Be6 15. Bxe6 fxe6 16. b4 d5 17. Ng3
dxe4 18. Nxe4 c4 19. dxc4 Qxd1 20. Nxf6+ Bxf6 21. Rxd1 e4
22. cxb5 axb5 23. Ng5 Nxb4 24. Nxe4 Nd5 25. Rb1 Ra5 26. Nxf6+
gxf6 27. Rb3 Rc8 28. Bd2 Rc4 29. Rdb1 Nc7 30. Kf1 Kf7 31. Rb4
Rxb4 32. axb4 Ra2 33. Be1 Nd5 34. Rd1 h5 35. Rd3 Ra1 36. g3 f5
37. Ke2 Ra2+ 38. Bd2 Nb6 39. Kf1 Nd5 40. Rd4 Nf6 41. Be1 Rc2
42. Rd8 Ne4 43. Rh8 Kf6 44. Rxh5 Ng5 45. f4 Nf7 46. g4 Kg6
47. Kg1 Re2 48. Bf2 Rc2 49. Bd4 Re2 50. Rh4 Re4 51. Kg2 Re2+
52. Kf3 Rc2 53. Ke3 Rc1 54. Kd3 Ra1 55. Be5 Rd1+ 56. Kc2 Re1
57. Bd4 Re2+ 58. Kd3 Re1 59. Bc5 Re4 60. Be3 Rc4 61. Bd4 Nh6
62. Kd2 Nf7 63. Kc2 Nh6 64. Rh5 Nf7 65. Kb3 Rc8 66. Bc5 Rd8
67. Kc2 Ra8 68. Rh4 Ra1 69. g5 Ra2+ 70. Kd3 e5 71. fxe5 Nxe5+
72. Ke3 Kxg5 73. Be7+ Kg6 74. Rh8 Kg7 75. Rc8 f4+ 76. Ke4 Re2+
77. Kf5 f3 78. Bc5 Nd3 79. Bd4+ Kf7 80. Rb8 f2 81. Rb7+ Re7
82. Rxe7+ Kxe7 83. Bxf2 Nxf2 84. Ke5 1/2-1/2

[Event "World Chess Cup"]
[Site "Khanty-Mansiysk RUS"]
[Date "2007.11.27"]
[EventDate "2007.11.24"]
[Round "2.1"]
[Result "1-0"]
[White "Levon Aronian"]
[Black "Jan Gustafsson"]
[WhiteElo "2741"]
[BlackElo "2606"]
[PlyCount "73"]

1. d4 Nf6 2. c4 e6 3. Nf3 d5 4. Nc3 c6 5. Bg5 h6 6. Bh4 dxc4
7. e4 g5 8. Bg3 b5 9. Ne5 h5 10. h4 g4 11. Be2 Bb7 12. O-O
Nbd7 13. Qc2 Nxe5 14. Bxe5 Bg7 15. Bg3 Qxd4 16. Rad1 Qb6
17. b3 cxb3 18. axb3 a6 19. Rd2 c5 20. Rd6 Qa5 21. e5 Nd7
22. Rfd1 O-O-O 23. Ne4 Qc7 24. Nf6 Nxe5 25. Bxe5 Rxd6 26. Rxd6
Bxf6 27. Bxf6 Qxd6 28. Bxh8 Qd5 29. Bf1 Kc7 30. Qc3 Kb6 31. b4
c4 32. Qa1 Kc6 33. Qf6 Qd7 34. Qh6 Qd5 35. Qf8 Qf5 36. Qe8+
Kc7 37. Qe7+ 1-0

[Event "World Chess Cup"]
[Site "Khanty-Mansiysk RUS"]
[Date "2007.11.28"]
[EventDate "2007.11.24"]
[Round "2.2"]
[Result "1/2-1/2"]
[White "Jan Gustafsson"]
[Black "Levon Aronian"]
[WhiteElo "2606"]
[BlackElo "2741"]
[PlyCount "80"]

1. d4 d5 2. c4 c6 3. Nf3 Nf6 4. Nc3 e6 5. Bg5 h6 6. Bh4 dxc4
7. e4 g5 8. Bg3 b5 9. Be2 Bb7 10. O-O Nbd7 11. Ne5 Bg7
12. Nxd7 Nxd7 13. Bd6 a6 14. a4 e5 15. d5 c5 16. b4 Qb6
17. bxc5 Nxc5 18. Bxc5 Qxc5 19. axb5 axb5 20. Rxa8+ Bxa8
21. Qa1 O-O 22. Qa5 Rb8 23. Rb1 Bf8 24. Rxb5 Rxb5 25. Qxb5
Qxb5 26. Nxb5 Bb7 27. Bxc4 Ba6 28. Kf1 Bxb5 29. Bxb5 Bc5
30. f3 Kf8 31. g3 Ke7 32. Kg2 Be3 33. Kh3 Bg1 34. Bc4 Kd6
35. Ba6 Kc7 36. Kg2 Be3 37. h4 gxh4 38. gxh4 Kd6 39. Kg3 Ke7
40. Kg4 f6 1/2-1/2

[Event "World Chess Cup"]
[Site "Khanty-Mansiysk RUS"]
[Date "2007.12.01"]
[EventDate "2007.11.24"]
[Round "3.2"]
[Result "1/2-1/2"]
[White "Levon Aronian"]
[Black "Ernesto Inarkiev"]
[WhiteElo "2741"]
[BlackElo "2674"]
[PlyCount "37"]

1. d4 Nf6 2. c4 g6 3. Nc3 Bg7 4. g3 O-O 5. Bg2 d6 6. Nf3 Nc6
7. O-O a6 8. d5 Na5 9. Nd2 c5 10. Rb1 Bf5 11. e4 Bd7 12. b3 e5
13. Qc2 b5 14. Nd1 Bh6 15. Ne3 Bxe3 16. fxe3 b4 17. Nf3 Nb7
18. a4 Qe7 19. Bd2 1/2-1/2

[Event "World Chess Cup"]
[Site "Khanty-Mansiysk RUS"]
[Date "2007.12.02"]
[EventDate "2007.11.24"]
[Round "3.4"]
[Result "1-0"]
[White "Levon Aronian"]
[Black "Ernesto Inarkiev"]
[WhiteElo "2741"]
[BlackElo "2674"]
[PlyCount "67"]

1. d4 Nf6 2. c4 g6 3. Nf3 Bg7 4. g3 O-O 5. Bg2 d6 6. O-O Nc6
7. Nc3 Rb8 8. h3 Bf5 9. g4 Bd7 10. e4 e5 11. Be3 a6 12. dxe5
Nxe5 13. Nxe5 dxe5 14. f4 exf4 15. Bxf4 Ne8 16. e5 Qe7 17. Nd5
Qe6 18. g5 b5 19. Qd4 bxc4 20. Rad1 Bb5 21. Rfe1 Kh8 22. Nf6
Qe7 23. Bg3 Qb4 24. Qh4 Bxf6 25. gxf6 Bc6 26. Bxc6 Qc5+
27. Bf2 Qxc6 28. Qh6 Rg8 29. e6 Nd6 30. Rxd6 Qxd6 31. exf7
Qxf6 32. fxg8=Q+ Kxg8 33. Qc1 Qc6 34. b3 1-0